| 000 | 00392nam a22001457a 4500 | ||
|---|---|---|---|
| 082 | _a947.0842 CAR | ||
| 100 | _aCarr, Edward. Hallett | ||
| 245 | _asocialism in one country 1924-1926 | ||
| 250 | _avolume 3 | ||
| 260 |
_aUnited state of Amerca _bPenguin books _c1964 |
||
| 300 |
_axiii, 1097p. _bill., 18cm |
||
| 500 | _ainclude index | ||
| 650 | _aprinciple of foreign policy | ||
| 942 | _cBK | ||
| 999 |
_c18391 _d18391 |
||